Anatomia - Statistics

Estatísticas Gerais
  • Esse quiz foi jogado 1 487 vezes
  • A pontuação média é 5 de 17
Estatísticas das Respostas
Dica Resposta % Correto
Bombeia o sangue Coração
99%
Sangue venoso é transportado em Veias
56%
Número de esfíncteres anais Dois (2)
46%
Glóbulos Brancos são conhecidos também por: Leucócitos
43%
Válvula que separa a aurícula esquerda do ventrículo esquerdo Válvula Mitral
38%
Canal comum ao sistema respiratório e digestivo Faringe
36%
Ramificação da traqueia resulta em Bronquios
35%
Que dente precede o 1º Pré-molar? Canino
35%
O que reveste internamente o útero Endométrio
32%
Falange, Falanginha,________ Falangeta
20%
Uma das artérias, onde é possível medir a pressão arterial Artéria Braquial
16%
Cólon de posição "horizontal" Cólon Transverso
12%
Em que órgão se situa a "Haustra?" Intestino Grosso
11%
Unidade Estrutural do Rim Nefrónio
6%
(Tipo de anatomia) responsável pelo estudo do sistema circulatório Angiologia
4%
Qualquer abertura (orifício) no corpo humano ou de animais e podem estar presentes nos ossos, coração, cérebro e dentes Foramen
2%
Glomérulo Renal também é chamado de: Glomérulo De Malpighi
2%
Nenhum quiz correspondente encontrado
Distribuição das Pontuações
Porcentagem de Pessoas com Cada Pontuação
Percentil de Números Respondidos
Sua Pontuação Histórica
Você não jogou esse quiz